00893nam a2200253Ia 4500003000400000005001700004008004100021020001800062040001800080041000800098082002100106100003600127245010100163250001200264260003900276300002500315650003100340651003200371651002800403651003400431942003000465999001900495952012500514OSt20230927111539.0210716s2012 xx 000 0 und d a9789380601533 cAIMIT LIBRARY aeng a374.22 21bBANI aBanerjee- Dube, Ishita.9135309 aReligion law and power : btales of time in eastern India 1860-2000 /cBy Ishita Banerjii- Dude. a1st ed. aNew Delhi :bAnthem Press ,c2012. ax,225p. ;bPBc21 cm aGeneral Management9135310 aFormations of faith9135311 aPoets and texts9135312 aContemporary contours9135313 2ddccBKe1stk374.22 BANI c208514d208514 001040708MBAaAIMITbAIMITd2014-03-06g495.00l0o374.22 BANIpMBA11080r2026-05-23 00:00:00v396.00w2021-07-16yBK